GUIDE TO THE WTO AND THE GATT (Record no. 22430)

MARC details
000 -LEADER
fixed length control field 00423nam a22001577a 4500
003 - CONTROL NUMBER IDENTIFIER
control field SGT
020 ## - INTERNATIONAL STANDARD BOOK NUMBER
International Standard Book Number 9789387839632
082 ## - DEWEY DECIMAL CLASSIFICATION NUMBER
Classification number 382
Item number KOU
100 ## - MAIN ENTRY--PERSONAL NAME
Personal name KOUL, AUTAR KRISHEN
245 ## - TITLE STATEMENT
Title GUIDE TO THE WTO AND THE GATT
Remainder of title ECONOMICS LAW AND POLITICS
250 ## - EDITION STATEMENT
Edition statement 7
260 ## - PUBLICATION, DISTRIBUTION, ETC. (IMPRINT)
Place of publication, distribution, etc NEW DELHI
Name of publisher, distributor, etc SATYAM LAW INTERNATIONAL
Year of Publication 2020
300 ## - PAGE DESCRIPTION
No. of Pages XXVIII ,680
653 ## - KEYWORDS--INDEX TERM
Keyword term WTO , GATT , WORLD TRADE ORGANIZATION
942 ## - ADDED ENTRY ELEMENTS (KOHA)
Source of classification or shelving scheme Dewey Decimal Classification
Koha item type Books
942 ## - ADDED ENTRY ELEMENTS (KOHA)
-- 9
Holdings
Withdrawn status Lost status Source of classification or shelving scheme Damaged status Not for loan Collection code Home library Current library Shelving location Date acquired Vendor Name Cost, normal purchase price SGTU Bill Number Full call number Accession No. (Barcode) Date last seen Bill Date Koha item type Total Checkouts Date last borrowed
    Dewey Decimal Classification   Not For Loan LAW SGT Science & Social Sciences Library SGT Science & Social Sciences Library Reference Book 05/03/2022 COMMERCIAL BOOK HOUSE 795.00 SGTU IN/2808 382 KOU FL2676 05/03/2022 18/02/2022 Books    
    Dewey Decimal Classification     LAW SGT Science & Social Sciences Library SGT Science & Social Sciences Library Text Book 05/03/2022 COMMERCIAL BOOK HOUSE 795.00 SGTU IN/2808 382 KOU FL2677 08/01/2025 18/02/2022 Books 1 08/01/2025
    Dewey Decimal Classification     LAW SGT Science & Social Sciences Library SGT Science & Social Sciences Library Text Book 05/03/2022 COMMERCIAL BOOK HOUSE 795.00 SGTU IN/2808 382 KOU FL2678 09/01/2025 18/02/2022 Books 1 04/01/2025
    Dewey Decimal Classification     LAW SGT Science & Social Sciences Library SGT Science & Social Sciences Library Text Book 05/03/2022 COMMERCIAL BOOK HOUSE 795.00 SGTU IN/2808 382 KOU FL2679 26/05/2023 18/02/2022 Books 1 16/02/2023
    Dewey Decimal Classification     LAW SGT Science & Social Sciences Library SGT Science & Social Sciences Library Text Book 05/03/2022 COMMERCIAL BOOK HOUSE 795.00 SGTU IN/2808 382 KOU FL2680 05/03/2022 18/02/2022 Books    
    Dewey Decimal Classification     LAW SGT Science & Social Sciences Library SGT Science & Social Sciences Library Text Book 27/07/2022 AHUJA BOOK COMPANY 795.00 SGTU 14697 382 KOU FL2838 20/06/2025 30/06/2022 Books 2 30/11/2024
    Dewey Decimal Classification     LAW SGT Science & Social Sciences Library SGT Science & Social Sciences Library Text Book 27/07/2022 AHUJA BOOK COMPANY 795.00 SGTU 14697 382 KOU FL2839 09/01/2025 30/06/2022 Books 4 04/01/2025
    Dewey Decimal Classification     LAW SGT Science & Social Sciences Library SGT Science & Social Sciences Library Text Book 27/07/2022 AHUJA BOOK COMPANY 795.00 SGTU 14697 382 KOU FL2840 27/07/2022 30/06/2022 Books